| 000 | 00786nam a22002297a 4500 | ||
|---|---|---|---|
| 005 | 20160406150058.0 | ||
| 010 | _a1516ENO7 ENG-114604 | ||
| 020 |
_a9789350717325 _c375.00 |
||
| 035 | _aEN-98136 | ||
| 035 | _aB-607125-154 | ||
| 037 |
_adpl _bVariety/Ven |
||
| 037 | _bDBAD/PUB | ||
| 082 | _a346.07 | ||
| 100 | _aArora, Sushma | ||
| 245 |
_aTaxmann's business laws / _cby Sushma Arora |
||
| 250 | _a3rd ed | ||
| 260 |
_aNew Delhi _bTaxmann Publications _c2015 |
||
| 270 |
_a59/32, New Rohtak Road, _bNew Delhi _e110005 _k+91-11-45562222 |
||
| 300 |
_aI-48,491p. _c24cm(pbk) |
||
| 942 |
_2ddc _cEN _mARO _h346.07 |
||
| 999 |
_c95905 _d95905 |
||